Score 0/13 Timer 02:00
0 Plays Today
Mixed Word(s) Answer % Correct
HTOSRYI(H)istory
99%
IAPESVNYLNAN(P)ennsylvania
96.4%
RYELBIT LBLE(L)iberty Bell
93%
NIPEDNEEDCNE LAHL(I)ndependence Hall
91.2%
SAGLEE(E)agles
87%
VLEO(L)ove
84.8%
CITLATNA YICT(A)tlantic City
75.7%
Common Bond - Combine first lettersPHILADELPHIA
64.9%
WADALEER VIRRE(D)elaware River
49.5%
RINURIQE(I)nquirer
42%
NPNE AYLERS(P)enn Relays
37.5%
LEARN RESPECT(A)rlen Specter
31.6%
HOTROSE(H)ooters (The)
19.9%

You're not logged in!

Compare scores with friends on all Sporcle quizzes.
OR
Log In

Sporcle TV

Today on Sporcle TV


Watch our educational content, quiz creation guides, and fun videos on Sporcle TV.

Show Comments

Extras

Top Quizzes Today


Score Distribution

Your Account Isn't Verified!

In order to create a playlist on Sporcle, you need to verify the email address you used during registration. Go to your Sporcle Settings to finish the process.

Report this User

Report this user for behavior that violates our Community Guidelines.

Details: